Miejscowości wymienione w Dziejach Apostolskich - Statystyki

Ogólne statystyki
  • Ten quiz został rozwiązany 7 razy
  • Średni wynik to 12 z 50
Statystyki odpowiedzi
1. miejsce wymienienia Miejscowość % Poprawnych
1,8 Jerozolima
100%
10,38 Nazaret
100%
17,15 Ateny
86%
2,10 Rzym
86%
12,20 Tyr
71%
9,2 Damaszek
57%
18,19 Efez
57%
18,1 Korynt
57%
16,11 Neapol
57%
17,1 Tesalonika
57%
8,40 Cezarea
43%
9,11 Tars
43%
18,24 Aleksandria
29%
13,14 Antiochia (Pizydyjska)
29%
6,5 Antiochia (syryjska)
29%
7,43 Babilon
29%
9,36 Jafa
29%
13,6 Pafos
29%
8,4 Samaria
29%
12,20 Sydon
29%
28,12 Syrakuzy
29%
8,40 Azot
14%
17,10 Berea
14%
14,6 Derbe
14%
16,12 Filippi
14%
13,51 Ikonium
14%
27,7 Knidos
14%
9,32 Lidda
14%
14,6 Listra
14%
20,14 Mitylena
14%
28,13 Puteoli
14%
28,13 Regium
14%
17,1 Amfipolis
0%
23,31 Antipatris
0%
17,1 Apolonia
0%
20,14 Assos
0%
14,25 Attalia
0%
7,1 Charan
0%
2,10 Cyrena
0%
8,25 Gaza
0%
18,18 Kenchry
0%
20,15 Milet
0%
21,1 Patara
0%
13,13 Perge
0%
21,7 Ptolemaida
0%
13,5 Salamina
0%
9,35 Saron
0%
13,4 Seleucja
0%
7,16 Sychem
0%
16,14 Tiatyra
0%
Nie znaleziono quizów pasujących do podanych kryteriów
Rozkład punktacji
Procent ludzi z każdym wynikiem
Percentyl według liczby udzielonych odpowiedzi
Twoja historia wyników
Nie rozwiązałeś tego quizu